000 00431nam a22001817a 4500
005 20250113140804.0
008 190722b xxu||||| |||| 00| 0 spa d
041 _aESP/ENG
082 _aPlegables
245 _aCosta Rica: colibríes = hummingbirds
260 _aCosta Rica
260 _bIncafo
260 _c2002
650 _aMATERIAL DIDÁCTICO
650 _aCOSTA RICA
650 _aCOLIBRÍES
942 _cMATDID
_2ddc
999 _c12157
_d12157